000 04337nam0a2200445 4500
001 RU\NLR\BIBL_A\012809583
005 20220811162437.0
010 _a978-5-7281-3057-4
_9500
021 _aRU
_bКН-П-22-015677
_9КН-П-22-1342
035 _a(NLR Aleph) 012809583
035 _a(RuMoRGB)011009281
090 _a13208285
_c13208285
100 _a20220603d2021 k y0rusy50 ca
101 0 _arus
102 _aRU
105 _aa z 000zy
181 0 _ai3
_baxxe
182 0 _an
200 1 _aПрогнозируемые вызовы и угрозы национальной безопасности Российской Федерации и направления их нейтрализации
_f[Андреев А. Ф., кандидат юридических наук, доцент, Бернацких И. В., кандидат политических наук, Богданов А. С., кандидат технических наук и др.]
_gпод общей редакцией генерал-майора А. С. Коржевского, кандидата военных наук, доцента
_g[Военная академия Генерального штаба Вооруженных Сил Российской Федерации, Военный институт (управления национальной обороной)]
203 _aТекст
_bвизуальный
_cнепосредственный
210 _aМосква
_cиздательский центр Российского государственного гуманитарного университета
_d2021
215 _a602 с.
_cтабл.
_d24
300 _aАвт. указаны на 597-602-й с.
320 _aБиблиогр. в подстроч. примеч.
330 _aB научном труде всесторонне и комплексно проанализированы современные и прогнозируемые вызовы и угрозы национальной безопасности Российской Федерации, их влияние на жизнедеятельность российского общества, региональную и пространственную безопасность государства в XXI веке. По итогам проведенного анализа авторами определены основные направления совершенствования системы национальной безопасности Российской Федерации, выработаны предложения военно-политическому руководству страны по применению превентивных мер нейтрализации прогнозируемых вызовов и угроз национальной и международной безопасности с использованием всего спектра имеющихся и перспективных сил и средств российского государства
606 1 _aНациональная безопасность
_yРоссийская Федерация
_91815933
_3RU\NLR\AUTH\66819711
686 1 _aЦ8(2Р)1
686 1 _aФ5(2)1
686 1 _aХ621.162
701 1 _7ca
_8rus
_aАндреев
_bА. Ф.
_cканд. юрид. наук, национальная безопасность
_gАндрей Федорович
_9244519
_3RU\NLR\AUTH\770244575
701 1 _aБернацких
_bИ. В.
_gИгорь Владимирович
701 1 _7ca
_8rus
_aБогданов
_bА. С.
_cканд. техн. наук, национальная безопасность
_9244627
_3RU\NLR\AUTH\770244683
702 1 _aКоржевский
_bА. С.
_f1967-
_gАркадий Станиславович
_4340
712 0 2 _4570
_aВоенная академия Генерального штаба Вооруженных Сил Российской Федерации
_bВоенный институт (управления национальной обороной)
_cМосква
_9749336
_3RU\NLR\AUTH\880542512
942 _cBOOK
980 _aNB